[Event "ISR-ch"]
[Site "Jerusalem"]
[Date "1996.??.??"]
[Round "3"]
[White "Maryasin, Boris"]
[Black "Kogan, Boris"]
[Result "1/2-1/2"]
[WhiteElo "2400"]
[BlackElo "2000"]

1.e4 c5 2.Nf3 e6 3.d4 cxd4 4.Nxd4 Nc6 5.Nc3 Qc7 6.Be3 a6 7.Bd3 Nf6 8.O-O Ne5
9.h3 b5 10.Nf3 Nxf3+ 11.Qxf3 Bb7 12.Rfe1 Be7 13.Bf4 d6 14.a4 b4 15.Na2 Qa5
16.c3 bxc3 17.b4 Qxa4 18.Nxc3 Qd7 19.b5 a5 20.Na4 Qd8 21.Qe3 Nd7 22.Qg3 e5
23.Be3 O-O 24.Red1 Rc8 25.Qg4 Nf6 26.Qf3 Nd7 27.Qe2 Bg5 28.Bxg5 Qxg5 29.Bc4 Nf6
30.Nb6 Nxe4 31.Nxc8 Rxc8 32.h4 Qg6 33.Bd3 Nc3 34.Bxg6 Nxe2+ 35.Kf1 Nc3 36.Bf5 Rd8
37.Rdc1 Nxb5 38.Rab1 Ba6 39.Bd3 Nc7 40.Bxa6 Nxa6 41.Rb5 Nc5 42.Rd1 Ne6 43.Rxa5 g6
44.g3 Kg7 45.Ra7 Kf6 46.Rb1 Nc5 47.Rb6 h5 48.Rc6 Ne6 49.Rc3 e4 50.Rb3 Nc5
51.Rb6 Nd3 52.Ke2 Ne5 53.Rc7 Kf5 54.Rb5 f6 55.Rd5 Ke6 56.Rd4 d5 57.Rc5 Rd6
58.Rb5 Nc6 59.Ra4 Ke5 60.Ke3 f5 61.Ra6 Re6 62.Rc5  1/2-1/2

[Event "ISR-ch"]
[Site "Jerusalem"]
[Date "1996.??.??"]
[Round "5"]
[White "Kogan, Boris"]
[Black "Kogan, Artur"]
[Result "0-1"]
[WhiteElo "2000"]
[BlackElo "2475"]

1.e4 c5 2.Nf3 e6 3.d4 cxd4 4.Nxd4 Nc6 5.Nc3 Qc7 6.Be2 a6 7.O-O Nf6 8.Be3 Bb4
9.Na4 Be7 10.Nxc6 bxc6 11.Bd3 c5 12.c4 Bb7 13.Nc3 O-O 14.f4 d6 15.b3 Rfe8
16.Kh1 Rad8 17.Qc2 Nd7 18.Rae1 g6 19.Qf2 Bf6 20.Bd2 Bg7 21.Qh4 f5 22.Qh3 Nb8
23.Nd1 Nc6 24.Ne3 Nb4 25.Bxb4 cxb4 26.exf5 gxf5 27.Ng4 Bc3 28.Nh6+ Kh8 29.Re3 Re7
30.Rg3 Rg7 31.Qh5 Rf8 32.Rg5 Bf6 33.h4 Qc6 34.Rf2 Bxg5 35.hxg5 Qc5 36.Qe2 Qd4
37.Rf1 Rg6 38.Kh2 a5 39.Bb1 Qg7 40.Qh5 Qb2 41.Qh3 Qe2 42.Kg1 Rxh6  0-1

[Event "ISR-ch"]
[Site "Jerusalem"]
[Date "1996.??.??"]
[Round "7"]
[White "Zaltz, Dov"]
[Black "Kogan, Boris"]
[Result "1/2-1/2"]
[WhiteElo "2260"]
[BlackElo "2000"]

1.e4 c5 2.Nf3 e6 3.d4 cxd4 4.Nxd4 Nc6 5.Nc3 a6 6.Be3 Nf6 7.Bd3 Qc7 8.O-O Ne5
9.h3 b5 10.f4 Nc4 11.Bxc4 Qxc4 12.e5 Nd5 13.Nxd5 Qxd5 14.Qe2 Be7 15.Nb3 O-O
16.Rad1 Qc6 17.Qf2 a5 18.Bc5 Bxc5 19.Nxc5 b4 20.Rd6 Qb5 21.Rfd1 f6 22.Nxd7 Bxd7
23.Rxd7 fxe5 24.Qe3 Rf7 25.Rxf7 Kxf7 26.fxe5 Kg8 27.Kh2 Re8 28.Rd4 Rf8 29.Rg4 g6
30.Rf4 Rd8 31.Qg3 Qd7 32.c4 Rf8 33.Rxf8+ Kxf8 34.Qf4+  1/2-1/2

[Event "IND-ch"]
[Site "Kasaragod"]
[Date "1996.??.??"]
[Round "2"]
[White "Mari Arul, S."]
[Black "Gokhale, CS."]
[Result "0-1"]
[WhiteElo "2325"]
[BlackElo "2340"]

1.e4 c5 2.Nf3 Nc6 3.d4 cxd4 4.Nxd4 e6 5.Nc3 a6 6.g3 Nge7 7.Bg2 Nxd4 8.Qxd4 Nc6
9.Qd2 b5 10.O-O Bb7 11.b3 Bc5 12.Bb2 d6 13.a4 b4 14.Nd1 O-O 15.Ne3 Ne5 16.Kh1 Rc8
17.f4 Bxe3 18.Qxe3 Rxc2 19.Qd4 Rxb2 20.Qxb2 Ng4 21.Qd4 e5 22.Qxb4 Qa8 23.Rae1 Nf6
24.h3 a5 25.Qc4 Ba6 26.Qc2 Bxf1 27.Rxf1 Re8 28.f5 Rc8 29.Qd3 Qc6 30.Rd1 Ne8
31.Bf1 Qc3 32.Qxc3 Rxc3 33.Bc4 Rxg3 34.Rd5 h5 35.Rxa5 Nf6 36.Ra8+ Kh7 37.Bxf7 Nxe4
38.a5 Nd2 39.Bg6+ Kh6 40.Rh8+ Kg5 41.Rxh5+ Kf6 42.Rh4 e4 43.a6 Rxb3 44.Rh8 Ra3
45.Ra8 Kg5 46.a7 Kf4 47.f6 Kg3  0-1

[Event "IND-ch"]
[Site "Kasaragod"]
[Date "1996.??.??"]
[Round "4"]
[White "Chatterjee, Laltu"]
[Black "Mishra, Neeraj Kumar"]
[Result "1/2-1/2"]
[WhiteElo "2240"]
[BlackElo "2390"]

1.e4 c5 2.Nf3 e6 3.d4 cxd4 4.Nxd4 Nc6 5.Nc3 Qc7 6.Nxc6 bxc6 7.Bd3 d5 8.O-O Nf6
9.b3 Bb4 10.Bb2 O-O 11.exd5 cxd5 12.Nb5 Qd8 13.Qf3 a6 14.Nd4 Bd7 15.Rad1 e5
16.Nf5 e4 17.Nh6+ gxh6 18.Qg3+ Ng4 19.Be2 Qg5 20.h3 Rac8 21.c4 Nxf2 22.Qxg5+ hxg5
23.Rxd5 h6 24.Rxd7 e3 25.Bd4 Bd2 26.Bh5 Rcd8 27.Bxf7+ Kh7 28.Rxd8 Rxd8 29.Bd5 Rf8
30.Bf3 Rxf3 31.gxf3 Nxh3+ 32.Kh2 e2 33.Rb1 Nf4 34.Bf2 Nd3 35.Kg2 e1=Q 36.Bxe1 Bxe1
37.c5 Ba5 38.c6 Kg6 39.a4 Nf4+ 40.Kf1 h5 41.b4 Bc7 42.b5 axb5 43.axb5 Nd5
44.Ra1 Kf5 45.Ra7 Bb6 46.Rh7 h4 47.Kg2 Ke5 48.Kh3 Kd4 49.Rg7 Kc4 50.Rxg5 Nc7
51.f4 Nxb5 52.f5 Bd8 53.Rg8 Be7 54.Rg7 Bd6 55.f6 Kd5 56.f7 Be7 57.Rg6 Nc7
58.Kg4 Ke5 59.Rh6 Ne6 60.Rh8 Kf6 61.f8=Q+ Bxf8 62.Rxf8+ Ke7 63.Rf1 Kd6 64.Rc1 h3
65.Kxh3 Kc7  1/2-1/2

[Event "IND-ch"]
[Site "Kasaragod"]
[Date "1996.??.??"]
[Round "6"]
[White "Ramesh, RB."]
[Black "Tilak, Sharad S"]
[Result "1/2-1/2"]
[WhiteElo "2415"]
[BlackElo "2385"]

1.e4 c5 2.Nf3 e6 3.d4 cxd4 4.Nxd4 Nc6 5.Nc3 Qc7 6.Be3 a6 7.f4 b5 8.Bd3 Bb7
9.Qf3 Nf6 10.Nb3 d6 11.O-O Be7 12.Qh3 Rd8 13.a3 O-O 14.g4 g6 15.f5 exf5 16.g5 Nxe4
17.Nd5 Qd7 18.Qh6 Ne5 19.Bxe4 Ng4 20.Qh3 Nxe3 21.Qxe3 fxe4 22.Nf6+ Bxf6 23.gxf6 Qg4+
24.Kh1 Rfe8 25.Rf4 Qf3+ 26.Rxf3 exf3 27.Qf2 Re2 28.Kg1 Rxf2 29.Kxf2 h6 30.Re1 g5
31.Re7 Bd5 32.Nd4 Kh7 33.Nxf3 Kg6 34.Ra7 Ra8 35.Rd7 Kxf6 36.Rxd6+ Be6 37.c3 Ke7
38.Rb6 Kd7 39.Nd4 Kc7 40.Rc6+ Kb7 41.Rd6 Kc7 42.Rc6+ Kb7  1/2-1/2

[Event "IND-ch"]
[Site "Kasaragod"]
[Date "1996.??.??"]
[Round "11"]
[White "Ramesh, RB."]
[Black "Hegde, Ravi Gopal"]
[Result "1-0"]
[WhiteElo "2415"]
[BlackElo "2355"]

1.e4 c5 2.Nf3 Nc6 3.d4 cxd4 4.Nxd4 e6 5.Nc3 Qc7 6.Be3 a6 7.f4 b5 8.Bd3 Bb7
9.Qf3 Nf6 10.Nb3 d6 11.O-O Be7 12.Qh3 Rd8 13.Rae1 O-O 14.g4 Nb4 15.g5 Nd7
16.f5 exf5 17.exf5 Nxd3 18.cxd3 Rfe8 19.g6 Nf8 20.gxf7+ Kxf7 21.Bd4 Kg8 22.Qg4 g6
23.fxg6 hxg6 24.Rxf8+ Kxf8 25.Rf1+ Bf6 26.Rxf6+ Ke7  1-0

[Event "Kilkenny op"]
[Site "Kilkenny"]
[Date "1996.??.??"]
[Round "1"]
[White "Adams, Michael"]
[Black "O'Donovan, Richard"]
[Result "1-0"]
[WhiteElo "2685"]
[BlackElo "2215"]

1.e4 c5 2.Nc3 Nc6 3.Nf3 e6 4.d4 cxd4 5.Nxd4 a6 6.Nxc6 bxc6 7.Bd3 e5 8.O-O Nf6
9.f4 Qb6+ 10.Kh1 d6 11.Qe1 Be7 12.fxe5 dxe5 13.Qg3 Qb8 14.Qxg7 Rg8 15.Qh6 Rg6
16.Qe3 Be6 17.b3 Ng4 18.Qe2 Bb4 19.Bd2 Qd8 20.h3 Qd4 21.Qe1 Qa7 22.Rf3 O-O-O
23.Nb5 axb5 24.Bxb4 Rdg8 25.a4  1-0

[Event "Kilkenny op"]
[Site "Kilkenny"]
[Date "1996.??.??"]
[Round "4"]
[White "O'Donovan, Richard"]
[Black "Joyce, John"]
[Result "1/2-1/2"]
[WhiteElo "2215"]
[BlackElo "2205"]

1.e4 c5 2.Nf3 Nc6 3.d4 cxd4 4.Nxd4 e6 5.Nc3 a6 6.Be2 Nge7 7.O-O Nxd4 8.Qxd4 Nc6
9.Qe3 Qc7 10.Qg3 Qxg3 11.hxg3 b5 12.Be3 Bb7 13.a4 b4 14.Nb1 Be7 15.Nd2 Na5
16.Bb6 Bd8 17.Bc5 Be7 18.Bb6 Bd8 19.Bc5  1/2-1/2

[Event "JUG-ch sf"]
[Site "Kladovo"]
[Date "1996.??.??"]
[Round "?"]
[White "Brenjo, Slavisa"]
[Black "Abramovic, Bosko"]
[Result "1/2-1/2"]
[WhiteElo "2425"]
[BlackElo "2490"]

1.e4 c5 2.Nf3 e6 3.d4 cxd4 4.Nxd4 Nc6 5.Nc3 a6 6.Be2 Qc7 7.O-O Nf6 8.Be3 Be7
9.f4 d6 10.Kh1 O-O 11.Qe1 Nxd4 12.Bxd4 b5 13.a3 Bb7 14.Qg3 Bc6 15.Rae1 Rae8
16.Bd3 e5 17.fxe5 Nh5 18.Qh3 dxe5 19.Be3 Nf4 20.Bxf4 exf4 21.e5 g6 22.Be4 f5
23.Bd5+ Bxd5 24.Nxd5 Qxc2 25.Qh6 Rf7 26.e6 Rff8 27.b4 Qa2 28.Rd1 Bd6 29.Nc7 f3
30.Rg1 Re7 31.Rxd6 f2 32.Nd5 fxg1=Q+ 33.Kxg1 Rxe6 34.Rxe6 Qxd5 35.Re7 Qd1+
36.Kf2 Qd4+ 37.Kf1 Qd3+ 38.Kf2 Qd4+ 39.Kf1 Qd3+ 40.Kf2 Qd4+ 41.Kf1 Qd3+ 42.Kf2  1/2-1/2

[Event "SLO-ch U18"]
[Site "Kranj"]
[Date "1996.??.??"]
[Round "4"]
[White "Zeljko, T."]
[Black "Kosmac, Blaz"]
[Result "1-0"]
[WhiteElo "1950"]
[BlackElo "1985"]

1.e4 c5 2.Nf3 e6 3.d4 cxd4 4.Nxd4 Nc6 5.Nc3 Qc7 6.Be3 a6 7.Bd3 b5 8.Nxc6 Qxc6
9.a3 Bb7 10.O-O Nf6 11.Qe2 b4 12.axb4 Bxb4 13.Bd4 Bxc3 14.Bxc3 Nxe4 15.Bxg7 Rg8
16.f3 Nc5 17.Bd4 Nxd3 18.Qxd3 Rg6 19.Ra5 d5 20.Rc5 Qd7 21.Ra1 f6 22.f4 Qg7
23.g3 Qe7 24.Qc3 Rd8 25.f5 e5 26.fxg6 exd4 27.Qxd4 hxg6 28.b4 Qe4 29.Qf2 Qxb4
30.Rc7 f5 31.Qe2+ Kf8 32.Qe3 d4 33.Qh6+  1-0

[Event "SLO-ch U18"]
[Site "Kranj"]
[Date "1996.??.??"]
[Round "8"]
[White "Sedonja, J."]
[Black "Kosmac, Blaz"]
[Result "1/2-1/2"]
[WhiteElo "1825"]
[BlackElo "1985"]

1.e4 c5 2.Nf3 e6 3.d4 cxd4 4.Nxd4 Nc6 5.Nc3 Qc7 6.Be3 a6 7.Be2 Nf6 8.O-O Bb4
9.f3 Ne5 10.Nb1 Nc4 11.Bxc4 Qxc4 12.c3 Be7 13.Nd2 Qc7 14.Kh1 d5 15.Qe2 Bd6
16.Bg1 Nh5 17.Rae1 Bg3 18.Rd1 dxe4 19.fxe4 g6 20.Qg4 Bd7 21.N2b3 Be5 22.Qf3 O-O
23.Qd3 Rad8 24.Qe2 b5 25.Rfe1 Bc8 26.Nf3 Bg7 27.Bd4 e5 28.Bf2 Rfe8 29.Qe3 Rxd1
30.Rxd1 Nf6 31.Re1 Ng4 32.Qe2 Be6 33.Nc5 Bc4 34.Qc2 Nxf2+ 35.Qxf2 Qa7 36.b3 Rc8
37.Nd3 Qxf2 38.Nxf2 Be6 39.Rc1 f5 40.Ng5 Bh6 41.h4 Bxg5 42.hxg5 Rd8 43.Rd1 Rxd1+
44.Nxd1 fxe4 45.Kh2 Kf7 46.Kg3 Bd5 47.Ne3 Bc6 48.b4 Ke6 49.a3 Be8 50.Kh4 Bf7
51.Kg4 Kd6 52.Kg3 Be6 53.Kh4 Ke7 54.Kg3 Kf7 55.Kh4 Kg7 56.g4  1/2-1/2

[Event "Krasnodar op"]
[Site "Krasnodar"]
[Date "1996.??.??"]
[Round "5"]
[White "Rodin, Mihail"]
[Black "Tregubov, Pavel V"]
[Result "1-0"]
[WhiteElo "2400"]
[BlackElo "2470"]

1.e4 c5 2.Nf3 e6 3.d4 cxd4 4.Nxd4 Nc6 5.Nc3 Qc7 6.Be3 a6 7.Bd3 Nf6 8.Qe2 Bd6
9.O-O-O Be5 10.Nxc6 dxc6 11.Na4 Nd7 12.Qd2 b5 13.Nc5 Nxc5 14.Bxc5 Bf4 15.Be3 Bxe3
16.Qxe3 e5 17.Qc5 Bb7 18.Be2 Qe7 19.Rd6 O-O 20.g3 Rad8 21.Rhd1 Rxd6 22.Qxd6 Qxd6
23.Rxd6 f5 24.exf5 Rxf5 25.Bd3 Rf8 26.Be4 Ba8 27.f3 c5 28.Bxa8 Rxa8 29.Kd2 Kf7
30.Rd5 c4 31.Rxe5 Rd8+ 32.Kc3 Rd1 33.a4 bxa4 34.Ra5 Rh1 35.Rxa4 Rxh2 36.Rxc4 h5
37.Rc7+ Kg8 38.Rc5 Kf7 39.Kb4 g6 40.f4 Rg2 41.Rc3 Kf6 42.Ka5 Kf5 43.Kxa6 Kg4
44.b4 Rxg3 45.Rxg3+ Kxg3 46.f5 gxf5 47.b5 h4 48.b6 h3 49.b7 h2 50.b8=Q+ f4
51.Qg8+ Kf2 52.Qh7 Kg2 53.Qg6+ Kf2 54.Qh5 Kg3 55.Qg5+  1-0

[Event "Krasnodar op"]
[Site "Krasnodar"]
[Date "1996.??.??"]
[Round "7"]
[White "Kozakov, Mikhail"]
[Black "Poluljahov, Aleksandr"]
[Result "1/2-1/2"]
[WhiteElo "2375"]
[BlackElo "2480"]

1.e4 c5 2.Nf3 Nc6 3.d4 cxd4 4.Nxd4 e6 5.Nc3 Qc7 6.Be3 a6 7.Bd3 Nf6 8.O-O Nxd4
9.Bxd4 Bc5 10.Be2 Qd6 11.Bxc5 Qxc5 12.Qd3 e5 13.Rad1 b5 14.Nd5 Nxd5 15.Qxd5 Qxd5
16.Rxd5 f6 17.Rfd1 Ke7 18.c4 Rd8 19.Rd6 bxc4 20.Bxc4 a5 21.Rb6 Ra7 22.Bd5 d6
23.a4 Bd7 24.b3 Rc8 25.h4 g5 26.g3 gxh4 27.gxh4 Rac7 28.Rd3 h5 29.Rg3 Bg4
30.Bc4 f5 31.exf5 e4 32.Kh2 d5 33.Bxd5 Rc2 34.f6+ Kd7 35.Bxe4 Rxf2+ 36.Rg2 Rxg2+
37.Kxg2 Be6 38.Rb5 Rf8 39.Rxa5 Bxb3 40.Bf5+ Kd6 41.Ra6+ Ke5 42.Bd3 Rg8+ 43.Kf2 Rg4
44.Ra5+ Kxf6 45.Rxh5 Rxa4 46.Rh6+ Kf7 47.Be2 Bc2 48.h5 Rf4+ 49.Kg3 Rf6 50.Rh8 Kg7
51.Rc8 Bg6  1/2-1/2

[Event "La Coruna op"]
[Site "La Coruna"]
[Date "1996.??.??"]
[Round "?"]
[White "Salgado Lopez, Oscar"]
[Black "Caselas, Jacobo"]
[Result "0-1"]
[WhiteElo "2100"]
[BlackElo "2350"]

1.e4 c5 2.Nf3 Nc6 3.Nc3 e6 4.d4 cxd4 5.Nxd4 Nf6 6.Be3 Bb4 7.Nxc6 bxc6 8.Bd3 d5
9.exd5 exd5 10.Bd4 O-O 11.O-O Qd6 12.f4 Bc5 13.Bxc5 Qxc5+ 14.Kh1 Re8 15.Qd2 Bd7
16.Rae1 Ng4 17.Nd1 Qd6 18.Ne3 Nf6 19.Nc4 Qb8 20.Ne5 Qxb2 21.Rb1 Qa3 22.Rb7 Re7
23.c4 Be8 24.Rb3 Qd6 25.Qf2 Rb8 26.Rfb1 Rxb3 27.Rxb3 Ne4 28.Qc2 f6 29.Bxe4 dxe4
30.c5 Qc7 31.Ng4 Qxf4 32.Ne3 Bf7 33.Ra3 Qe5 34.Rc3 f5 35.g3 g5 36.a4 Be6
37.Qb2 f4 38.gxf4 gxf4 39.Ng2 e3  0-1

[Event "La Coruna op"]
[Site "La Coruna"]
[Date "1996.??.??"]
[Round "?"]
[White "Garcia Carbo, Marcial"]
[Black "Paunovic, Dragan"]
[Result "1/2-1/2"]
[WhiteElo "2295"]
[BlackElo "2495"]

1.e4 c5 2.Nf3 e6 3.d4 cxd4 4.Nxd4 Nc6 5.Nc3 Qc7 6.Be3 a6 7.Qd2 Nf6 8.f3 d5
9.exd5 Nxd5 10.Nxd5 exd5 11.O-O-O Bd6 12.Nb3 O-O 13.g3 Be6 14.Bc5 Rac8 15.Bxd6 Qxd6
16.Nd4 Rfd8 17.Kb1 b5 18.Be2 h6 19.g4 Re8 20.Nxc6 Qxc6 21.f4 d4 22.f5 Bd5
23.Rhg1 Rxe2 24.Qxe2 Bf3 25.Qd2 Bxd1 26.Rxd1 Qe4 27.h3 h5 28.Rg1 h4 29.Rf1 f6
30.Rc1 Re8 31.Rd1 Qe3 32.Qg2 Kh7 33.a3 Qg3 34.Qc6 Re1 35.Rxe1 Qxe1+ 36.Ka2 Qf1
37.Qe8 Qc4+ 38.Kb1 Qf1+ 39.Ka2 Qc4+ 40.Kb1 Qf1+  1/2-1/2

[Event "Las Palmas op"]
[Site "Las Palmas"]
[Date "1996.??.??"]
[Round "6"]
[White "Menvielle Lacourrelle, Augusto"]
[Black "Barlov, Dragan"]
[Result "0-1"]
[WhiteElo "2285"]
[BlackElo "2455"]

1.e4 c5 2.Nf3 e6 3.d4 cxd4 4.Nxd4 Nc6 5.Nc3 Qc7 6.g3 a6 7.Bg2 d6 8.O-O Bd7
9.Nde2 Nf6 10.b3 Be7 11.a4 O-O 12.Qd2 Rfd8 13.Ba3 Rab8 14.Rfd1 Bc8 15.Nf4 b6
16.h3 Bb7 17.g4 Rbc8 18.g5 Ne8 19.Nfe2 d5 20.Bxe7 Nxe7 21.Qe3 dxe4 22.Rxd8 Rxd8
23.Nxe4 Nf5 24.Qc3 Qe7 25.N2g3 Rc8 26.Qd3 Qc7 27.Rd1 Nh4 28.Bh1 Ng6 29.c4 Nf4
30.Qf1 a5 31.Kh2 Bxe4 32.Bxe4 Qe7 33.Qe1 Qxg5 34.Qe3 Rb8 35.Ne2 e5 36.Rg1 Qf6
37.Nxf4 exf4 38.Qd3 g6 39.Rd1 Qe5 40.Bf3 Nc7 41.Qd6 Qxd6 42.Rxd6 Ne6 43.Bd5 Nc5
44.Rf6 Kg7 45.Rxf7+ Kh6 46.Rxf4 Nxb3 47.Rf7 Nc5 48.Bc6 g5 49.Kg2 Kg6 50.Re7 Rc8
51.Bb5 h6 52.Re5 Rd8 53.Re2 Kf6 54.h4 gxh4 55.Kh3 Rd4 56.Re8 Ne6 57.Rc8 Ng5+
58.Kh2 Rd2 59.Rc6+ Ke5 60.Rxh6 Rxf2+ 61.Kg1 Rc2 62.Rxb6 Kf4 63.Rh6 h3 64.Bc6 Kg3
65.Kf1 Rxc4 66.Ke2 h2 67.Ba8 Rxa4 68.Rg6 Kf4 69.Rf6+ Ke5 70.Rf1 Ne4 71.Kd3 Ra3+
72.Kc2 Rc3+ 73.Kb2 Rc8 74.Rh1 Rxa8 75.Rxh2 Nc5 76.Rd2 Rb8+ 77.Ka2 Ke6 78.Ka3 Rb3+
79.Ka2 Rd3 80.Rh2 Kd5 81.Rh8 Kc4 82.Rc8 Kb4 83.Rb8+ Ka4 84.Ra8 Rd2+ 85.Kb1 Kb4
86.Kc1 Nb3+ 87.Kb1 Ka3  0-1

[Event "Le Touquet op"]
[Site "Le Touquet"]
[Date "1996.??.??"]
[Round "?"]
[White "Gurevich, Vladimir"]
[Black "Le Bideau, Alain"]
[Result "1/2-1/2"]
[WhiteElo "2445"]
[BlackElo "2230"]

1.e4 c5 2.Nf3 e6 3.d4 cxd4 4.Nxd4 Nc6 5.Nc3 Qc7 6.g3 a6 7.Bg2 d6 8.O-O Bd7
9.Re1 Be7 10.Nxc6 Bxc6 11.Ne2 b5 12.Nd4 Bb7 13.a4 bxa4 14.Rxa4 Nf6 15.c4 O-O
16.b3 Nd7 17.Ra2 Rfd8 18.Bd2 Rdc8 19.Ba5 Qb8 20.Rc2 Ne5 21.Bc3 Bf8 22.Qe2 a5
23.Ra1 a4 24.bxa4 Nxc4 25.Rcc1 Ba6 26.Rab1 Qxb1 27.Rxb1 Na3 28.Rb5 Rxc3 29.Qb2 Rac8
30.h4 Nxb5 31.axb5 Bb7 32.Nc6  1/2-1/2

[Event "Leiner op"]
[Site "Leiner"]
[Date "1996.??.??"]
[Round "3"]
[White "Pfaffel, Thomas"]
[Black "Wallner, Walter"]
[Result "0-1"]
[WhiteElo "2085"]
[BlackElo "2190"]

1.e4 c5 2.Nf3 e6 3.d4 cxd4 4.Nxd4 Nc6 5.Nc3 d6 6.Be3 Nf6 7.Be2 Be7 8.Nb3 Qc7
9.O-O O-O 10.f4 a6 11.Bf3 Bd7 12.Qd2 Rfd8 13.Qf2 Re8 14.g4 h6 15.g5 hxg5
16.fxg5 Nh7 17.Bh5 Rf8 18.Bxf7+ Kh8 19.Qh4 Ne5 20.Qh5 g6 21.Bxg6 Nxg6 22.Qxg6 Rg8
23.Qh6 Bxg5 24.Bxg5 Rxg5+ 25.Kh1 Bc6 26.Rf6 Rag8 27.Raf1 Qb6 28.R6f2 Qxf2  0-1

[Event "Leiner op"]
[Site "Leiner"]
[Date "1996.??.??"]
[Round "5"]
[White "Gazik, Igor"]
[Black "Doskocil, Klaus"]
[Result "1-0"]
[WhiteElo "2380"]
[BlackElo "2240"]

1.e4 c5 2.Nf3 Nc6 3.Nc3 e6 4.d4 cxd4 5.Nxd4 Nf6 6.Nxc6 bxc6 7.Bd3 d5 8.O-O dxe4
9.Nxe4 Be7 10.Qf3 Bb7 11.b3 O-O 12.Bb2 Nd7 13.Rad1 Qc7 14.Qh3 h6 15.Bc4 Nc5
16.Qg4 g5 17.Nxc5 Bxc5 18.Qh3 Kh7 19.Qc3 e5 20.Bd3+  1-0

[Event "Leiner op"]
[Site "Leiner"]
[Date "1996.??.??"]
[Round "6"]
[White "Mahdi, Khaled"]
[Black "Horvath, Gyula"]
[Result "0-1"]
[WhiteElo "2420"]
[BlackElo "2445"]

1.e4 c5 2.Nf3 e6 3.d4 cxd4 4.Nxd4 Nc6 5.Nc3 Qc7 6.Be3 a6 7.g3 Nf6 8.Bg2 Be7
9.h3 d6 10.O-O O-O 11.Nde2 b5 12.a3 Bb7 13.Nf4 Ne5 14.Nd3 Nc4 15.Bc1 Rfd8
16.Qe1 Rac8 17.a4 bxa4 18.Nxa4 d5 19.e5 Nd7 20.f4 d4 21.Rf2 Bxg2 22.Rxg2 Qb7
23.Kh2 Rc6 24.Qe4 Qc8 25.b3 Na5 26.Bd2 Nb7 27.Bb4 Ndc5 28.Naxc5 Bxc5 29.Bxc5 Nxc5
30.Nxc5 Rxc5 31.Ra4 h6 32.h4 Rc3 33.Rxd4 Rxd4 34.Qxd4 Rxc2 35.Rd2 g6 36.b4 Rc4
37.Qd8+ Qxd8 38.Rxd8+ Kg7 39.Rd6 Rxb4 40.Rxa6 g5 41.hxg5 hxg5 42.f5 exf5
43.Rf6 f4 44.gxf4 Rxf4 45.Rxf4 gxf4 46.Kh3 Kg6 47.Kg4 f3 48.Kg3 Kg5 49.Kxf3 Kf5
50.Kf2 Kxe5 51.Ke3 Kf5 52.Kf3 f6  0-1

[Event "VfB op 3rd"]
[Site "Leipzig"]
[Date "1996.??.??"]
[Round "3"]
[White "Bindrich, Oswald"]
[Black "Ksieski, Zbigniew"]
[Result "1/2-1/2"]
[WhiteElo "2175"]
[BlackElo "2400"]

1.e4 c5 2.Nf3 e6 3.d4 cxd4 4.Nxd4 Nc6 5.Nc3 d6 6.Bc4 Nf6 7.Be3 Na5 8.Bb3 a6
9.Qe2 e5 10.Nf3 Be6 11.Rd1 Nxb3 12.axb3 Qa5 13.O-O h6 14.Nd2 Be7 15.Nc4 Qc7
16.Nb6 Rd8 17.Nbd5 Qc6 18.Nxf6+ Bxf6 19.Nd5 Bg5 20.c3 Bxe3  1/2-1/2

[Event "Leon University tt (Women)"]
[Site "Leon"]
[Date "1996.??.??"]
[Round "2"]
[White "Repkova Eid, Eva"]
[Black "Koglin, Anke"]
[Result "1-0"]
[WhiteElo "2345"]
[BlackElo "2195"]

1.e4 c5 2.Nf3 e6 3.d4 cxd4 4.Nxd4 Nc6 5.Nc3 Qc7 6.f4 a6 7.Be2 b5 8.Nxc6 Qxc6
9.Bf3 Bb7 10.Qe2 Rc8 11.a3 Bc5 12.e5 Qc7 13.Bxb7 Qxb7 14.Ne4 Nh6 15.Qf3 Qc6
16.Be3 Be7 17.O-O Nf5 18.Rad1 Nh4 19.Nd6+ Bxd6 20.Qxc6 Rxc6 21.Rxd6 Rxc2
22.Rxa6 O-O 23.Bf2 Nf5 24.b4 h5 25.g3 Rb8 26.Bc5 Rc3 27.Rd1 Rb7 28.a4 bxa4
29.Rxa4 Ne3 30.Bxe3 Rxe3 31.Rb1 Rb5 32.Kf2 Rc3 33.Ra5 Rxa5 34.bxa5 Ra3 35.Rb5 Kh7
36.Ke2 Ra2+ 37.Kd3 Rxh2 38.Kc4 Ra2 39.Kc5 Ra3 40.Kb6 Rxg3 41.a6 Ra3 42.Ra5 Rc3
43.Kb7  1-0

[Event "Leon University tt (Women)"]
[Site "Leon"]
[Date "1996.??.??"]
[Round "4"]
[White "Stankovic, Marija"]
[Black "Koglin, Anke"]
[Result "0-1"]
[WhiteElo "2145"]
[BlackElo "2195"]

1.e4 c5 2.Nf3 e6 3.d4 cxd4 4.Nxd4 Nc6 5.Nc3 Qc7 6.Be2 a6 7.O-O b5 8.Nxc6 Qxc6
9.Bf4 Bb7 10.Bf3 Rc8 11.e5 Qc7 12.Bxb7 Qxb7 13.a3 Ne7 14.Qd3 Ng6 15.Bg3 h5
16.h3 h4 17.Bh2 Ne7 18.Rad1 Nf5 19.Ne4 Be7 20.Rfe1 O-O 21.Qf3 Qc6 22.Bf4 Rfd8
23.Rd2 a5 24.Qg4 b4 25.axb4 axb4 26.Bg5 Bxg5 27.Nxg5 d5 28.Qxb4 Rb8 29.Qa3 Qb5
30.b3 Rdc8 31.Nf3 Ra8 32.Qb2 Qa5 33.Red1 Qc5 34.Ne1 Ng3 35.Nd3 Qa7 36.Nf4 Ne4
37.Rd4 Qb8 38.c4 Qxe5 39.Nd3 Qf6 40.cxd5 Nc3 41.Ne5 Qxe5  0-1

[Event "Leon"]
[Site "Leon"]
[Date "1996.??.??"]
[Round "5"]
[White "Leko, Peter"]
[Black "Topalov, Veselin"]
[Result "1/2-1/2"]
[WhiteElo "2625"]
[BlackElo "2700"]

1.e4 c5 2.Nf3 e6 3.d4 cxd4 4.Nxd4 Nc6 5.Nc3 a6 6.g3 Nge7 7.Be3 b5 8.Nb3 d6
9.f4 Bd7 10.Bg2 Nc8 11.Nd4 Nb6 12.Nxc6 Bxc6 13.Bd4 b4 14.Ne2 Nd7 15.Qd3 e5
16.Bf2 Qb8 17.O-O-O Be7 18.Rhe1 O-O 19.Kb1 a5 20.Nc1 Qb7 21.Qe2 Rfc8 22.Nd3 Rc7
23.Rd2 Bf6 24.f5 Bg5 25.Be3 Be7 26.Bf2 Nb6 27.b3 Nd7 28.h4 Bb5 29.g4 Rac8
30.g5 f6 31.g6 h6 32.Qd1 Rc3 33.Nb2 Kh8 34.Bf3 Bf8 35.Be2  1/2-1/2

[Event "Leon University tt (Women)"]
[Site "Leon"]
[Date "1996.??.??"]
[Round "6"]
[White "Repkova Eid, Eva"]
[Black "Khurtsidze, Nino"]
[Result "1/2-1/2"]
[WhiteElo "2345"]
[BlackElo "2395"]

1.e4 c5 2.Nf3 e6 3.d4 cxd4 4.Nxd4 Nc6 5.Nc3 Qc7 6.Be2 a6 7.O-O Nf6 8.Be3 Be7
9.f4 d6 10.Qe1 O-O 11.Qg3 Nxd4 12.Bxd4 b5 13.e5 dxe5 14.Bxe5 Qb6+ 15.Kh1 Bb7
16.Bd3 Nh5 17.Qh3 g6 18.f5 exf5 19.Rxf5 Bc8 20.Nd5 Qc5 21.Qf3 Bxf5 22.b4 Qa7
23.Bxf5 Rad8 24.Bg4 Rxd5 25.Qxd5 Nf6 26.Qf3 Nxg4 27.Qxg4 Rd8 28.c3 Bf8 29.Rd1 h5
30.Qf3 Qe3 31.Qxe3 Rxd1+ 32.Qg1 Rxg1+ 33.Kxg1 Bg7 34.Bd4 Bxd4+ 35.cxd4 Kg7
36.Kf2 Kf6 37.Ke3 Kf5 38.Kf3 g5 39.Ke3 f6 40.Kf3 g4+ 41.Ke3 Ke6 42.a3 Kd5
43.g3 f5 44.Kf4 Kxd4 45.Kxf5 Kc4 46.Kg5 Kb3 47.Kxh5 Kxa3 48.Kxg4 Kxb4 49.h4 Ka3
50.h5 b4 51.h6  1/2-1/2

[Event "Wch U26"]
[Site "Leon"]
[Date "1996.??.??"]
[Round "8"]
[White "Masserey, Yvan"]
[Black "Maes, Wim"]
[Result "1/2-1/2"]
[WhiteElo "2305"]
[BlackElo "2205"]

1.e4 c5 2.Nf3 e6 3.d4 cxd4 4.Nxd4 Nc6 5.Nc3 Qc7 6.f4 Nxd4 7.Qxd4 a6 8.Be2 b5
9.Be3 Bb7 10.O-O-O Rc8 11.Rd2 Nf6 12.Bf3 Bc5 13.Qxc5 Qxc5 14.Bxc5 Rxc5 15.e5 Bxf3
16.gxf3 Nh5 17.Ne4 Rc7 18.Nd6+ Ke7 19.Rd4 f6 20.Rhd1 fxe5 21.fxe5 Rf8 22.a4 bxa4
23.Rxa4 Rc6 24.Rh4 g6 25.Rhd4 Rxf3 26.Nc4 Rc7 27.Nb6 Rf2 28.Rxd7+ Rxd7 29.Rxd7+ Ke8
30.Rxh7 Rxh2 31.b4 g5 32.Nd7 Re2 33.Kd1 Nf4 34.Nf6+ Kd8 35.Ra7 Rxe5 36.Rxa6 Ke7
37.Ng4 Rd5+ 38.Ke1 Rb5  1/2-1/2

[Event "Leon-B"]
[Site "Leon"]
[Date "1996.??.??"]
[Round "8"]
[White "De la Villa Garcia, Jesus Maria"]
[Black "Sion Castro, Marcelino"]
[Result "1/2-1/2"]
[WhiteElo "2525"]
[BlackElo "2400"]

1.e4 c5 2.Nf3 e6 3.d4 cxd4 4.Nxd4 Nc6 5.Nc3 Qc7 6.Be2 a6 7.O-O Nf6 8.Be3 Bb4
9.Nxc6 bxc6 10.Qd4 c5 11.Qc4 Bb7 12.a3 d5 13.exd5 exd5 14.Qf4 Qxf4 15.Bxf4 Bxc3
16.bxc3 O-O 17.Rfb1 Rfe8 18.Kf1 Bc6 19.Rb6 Ba4 20.Rxa6 Bxc2 21.Rd6 Ne4 22.Rxd5 Nxc3  1/2-1/2

[Event "Anibal op 3rd"]
[Site "Linares"]
[Date "1996.??.??"]
[Round "?"]
[White "Baches Garcia, Guillermo"]
[Black "Cebalo, Miso"]
[Result "1-0"]
[WhiteElo "2130"]
[BlackElo "2495"]

1.e4 c5 2.Nf3 e6 3.d4 cxd4 4.Nxd4 Nc6 5.Nc3 d6 6.Bc4 Nf6 7.Be3 Be7 8.Qe2 O-O
9.O-O-O Qc7 10.Bb3 a6 11.g4 Nxd4 12.Rxd4 b5 13.g5 Nd7 14.Rg1 Rb8 15.f4 b4
16.Na4 Rb5 17.h4 Bb7 18.f5 exf5 19.exf5 Rxf5 20.Rxb4 Nc5 21.Nxc5 dxc5 22.Ra4 Rd8
23.Rf1 Qh2 24.Qe1 Bf3 25.Rxa6 Qe2 26.Ra4 Re5 27.Bxf7+ Kh8 28.Qxe2 Bxe2 29.Bf4 Rf5
30.Be6 Bxf1 31.Bxf5 c4 32.Ra7 Bc5 33.Rd7 Rf8 34.Bd6 Bxd6 35.Rxd6 g6 36.Be6 h5
37.Rd4 c3 38.bxc3 Be2 39.c4  1-0

[Event "Anibal op 3rd"]
[Site "Linares"]
[Date "1996.??.??"]
[Round "?"]
[White "Barua, Dibyendu"]
[Black "Hjartarson, Johann"]
[Result "0-1"]
[WhiteElo "2520"]
[BlackElo "2570"]

1.e4 c5 2.Nf3 e6 3.d4 cxd4 4.Nxd4 Nc6 5.Nc3 Qc7 6.Be2 a6 7.a4 Nf6 8.O-O Bb4
9.Bg5 Ne5 10.Bxf6 gxf6 11.Qd2 Be7 12.Qh6 Ng6 13.g3 b6 14.Rfd1 Bb7 15.Nb3 Bf8
16.Qe3 h5 17.Qd4 Be7 18.Rd2 h4 19.Rad1 hxg3 20.hxg3 O-O-O 21.a5 b5 22.Bxb5 Ne5
23.Be2 Rh3 24.Qb6 Qxb6 25.axb6 f5 26.f4 Rxg3+ 27.Kf2 Bh4  0-1

[Event "Anibal op 3rd"]
[Site "Linares"]
[Date "1996.??.??"]
[Round "?"]
[White "Jordan, John"]
[Black "Spraggett, Kevin"]
[Result "0-1"]
[WhiteElo "2055"]
[BlackElo "2545"]

1.e4 c5 2.Nf3 e6 3.d4 cxd4 4.Nxd4 Nc6 5.Nc3 Qc7 6.Be2 a6 7.O-O Nf6 8.Kh1 Be7
9.f4 d6 10.a4 O-O 11.Bf3 Bd7 12.Nb3 b6 13.Qe1 Rab8 14.Qg3 Kh8 15.e5 Ng8 16.Ne4 d5
17.Ng5 Nb4 18.c3 Nc2 19.Ra2 Qc4 20.Nd2 Qxa2 21.Bd1 Bxg5 22.fxg5 Bxa4 23.Qd3 Na1
24.Rf4 Bxd1 25.Rh4 g6 26.g4 Bxg4 27.Rxg4 Nb3 28.Nxb3 Qxb3 29.Rb4 Qa2 30.Rh4 Rbc8
31.Qh3 h5 32.gxh6 Kh7 33.Qd3 Rc4 34.Rh3 Ne7 35.Rf3 Nf5 36.Rf2 Rg4 37.h3 Qc4  0-1